• 首页
  • 本馆介绍
  • 公告通知
  • 最新文献
  • 馆藏检索
  • 电子资源
  • 读者导购
  • 参考咨询
  • 我的图书馆
  • 登录
  • 详细信息显示
  • 放入我的书架
  • 预约/预借图书
  • 作者相关作品
  • 分类相关作品
  • 丛书相关作品
  • 出版社相关作品

书目信息

  • 表格格式
  • 工作单格式
  • 卡片格式
题名:
当代意识形态研究
    
 
作者: 宋惠昌
分册:  
出版信息:   中共中央党校出版社  
页数: 359
开本: 20cm
丛书名:
单 册:
中图分类: B036
科图分类:
主题词: 历史唯物主义
电子资源:
ISBN: 7-5035-0704-7
000 00505nam0 2200181 450
001 0760515518
005 20070817164835.51
010    @a7-5035-0704-7@d¥6.80
100    @a20070817d km y0chiy0120 ea
101 0  @achi
200 1  @a当代意识形态研究@Adang dai yi shi xing tai yan jiu@f宋惠昌@Fsong hui chang
210    @c中共中央党校出版社
215    @a359@d20cm
606 0  @a历史唯物主义
690    @aB036@v3
701  0 @a宋惠昌@Asong hui chang
801  0 @aCN@bPFT@c20070817
905    @a213230@dB036@eg26@f1
    
    当代意识形态研究/宋惠昌.-中共中央党校出版社
    359;20cm
    
    
    ISBN 7-5035-0704-7:¥6.80
    
●
相关链接 在E读中查询图书 在五车中查询图书 在当当中查询图书 在豆瓣中查询图书


正题名:当代意识形态研究     索取号:B036/g26         预约/预借

序号 登录号 条形码 馆藏地/架位号 状态 备注
1 6500202   265002025   经管系资料室/ [索取号:B036/g26] 在馆    
唐山师范学院图书馆 欢迎您!
大连网信软件有限公司© 版权所有